000 00911nam a2200253Ia 4500
003 OSt
005 20220923211156.0
006 a|||||r|||| 00| 0
007 ta
008 Pun
020 _a8187762551 (hbk)
_c290
024 _a243,658
037 _b196, 08/10/2010, H.K. Prakashan
_cTextual
040 _aARTS
_cARTS
_bPun
041 _2Pun
_aPun
082 _aO153,1NHU1x, Q0
100 _aਹੁੰਦਲ, ਹਰFਜਨ ਸਿੰਘ; ਸਰਹੱਦੀ, ਸੁਲੱਖਣ, ਥਦ.
_9159172
245 0 _aਮੇਰੀ ਫ਼ਗ਼ਲ
260 _aਦਿੱਲੀ
_b ਐਚ. ਕੇ. ਪ੍ਰਕਾFਨ
_c2000
300 _a215ਪੰ
_ccm.
650 _aਪੰਜਾਬੀ ਸਾਹਿਤ
942 _hO153,1NHU1x, Q0
_cTEXL
_2CC
999 _c296357
_d296357